000 00728nam a2200241Ia 4500
003 OSt
005 20220923214154.0
006 a|||||r|||| 00| 0
007 ta
008 220922b |||||||| |||| 00| 0 hin d
024 _a167,623
037 _cTextual
040 _aARTS
_cARTS
_bhin
041 _2hin
_ahin
082 _aO152,1K30,1, J6
100 _aरसाल, रघुनाथ
_9156291
245 0 _aरामचरित्र, मालेराव आदि
246 _aRāmacharitra, mālerāv ādi
260 _c1956
650 _aहिन्दी साहित्य
_9156264
942 _hO152,1K30,1, J6
_cTEXL
_2CC
999 _c322093
_d322093